Thyroid surgery : preventing and managing complications /

This book helps endocrine surgeons, general surgeons, and otolaryngologists perfect surgical techniques and overcome the various complications that can arise when performing surgery of the thyroid.

Bibliographic Details
Other Authors: Miccoli, P. (Paolo)
Format: eBook
Language:English
Published: Oxford : Wiley-Blackwell, 2013.
Subjects:
Online Access:Full Text via HEAL-Link
LEADER 05290nam a2200541 4500
001 ocn825550787
003 OCoLC
005 20170124071756.8
006 m o d
007 cr cnu|||unuuu
008 130128s2013 enk ob 001 0 eng d
040 |a DG1  |b eng  |e pn  |c DG1  |d CDX  |d OCLCO  |d YDXCP  |d GGVRL  |d OCLCO  |d OCLCQ  |d DEBBG  |d GrThAP 
019 |a 828617838 
020 |a 9781118444832  |q (electronic bk.) 
020 |a 1118444833  |q (electronic bk.) 
020 |a 9780470659502  |q (Cloth) 
020 |a 0470659505  |q (Cloth) 
020 |a 9781299158757  |q (MyiLibrary) 
020 |a 1299158757  |q (MyiLibrary) 
029 1 |a AU@  |b 000050561281 
029 1 |a GBVCP  |b 790200163 
029 1 |a NLGGC  |b 389626066 
029 1 |a NZ1  |b 15194664 
029 1 |a NZ1  |b 15341565 
029 1 |a DEBBG  |b BV043395324 
035 |a (OCoLC)825550787  |z (OCoLC)828617838 
037 |a 447125  |b MIL 
050 4 |a RD599.5.T46 
060 4 |a WK 280 
082 0 4 |a 617.539  |2 23 
049 |a MAIN 
245 0 0 |a Thyroid surgery :  |b preventing and managing complications /  |c edited by Paolo Miccoli [and others]. 
264 1 |a Oxford :  |b Wiley-Blackwell,  |c 2013. 
300 |a 1 online resource 
336 |a text  |b txt  |2 rdacontent 
337 |a computer  |b c  |2 rdamedia 
338 |a online resource  |b cr  |2 rdacarrier 
505 0 |a Front Matter -- Epidemiology and Acceptable Rates of Complications Following Thyroid and Parathyroid Surgery. Incidence of Morbidity Following Thyroid Surgery / Paolo Miccoli, Michele N Minuto, Mario Miccoli -- Medical Malpractice and Surgery of the Thyroid and Parathyroid Glands / Daniel D Lydiatt, Robert Lindau -- Extent of Thyroidectomy and Incidence of Morbidity / Dana M Hartl, Martin Schlumberger -- Thyroid Surgery in Paediatric Patients / Scott A Rivkees, Christopher K Breuer, Robert Udelsman -- Best Practices in Thyroid Surgery. How to Perform a "Safe" Thyroidectomy / Elliot J Mitmaker, Quan-Yang Duh -- Minimally Invasive Video-assisted Thyroidectomy / Paolo Miccoli, Michele N Minuto, Piero Berti -- Robotic Thyroid Surgery / Michael C Singer, David J Terris -- Extensive Surgery for Thyroid Cancer / Emad H Kandil, Salem I Noureldine, Ralph P Tufano -- Extensive Surgery for Thyroid Cancer / Dana M Hartl, Haitham Mirghani, Daniel F Brasnu -- Surgery for Retrosternal/Upper Mediastinal Thyroid/Parathyroid Disease / Jeffrey J Houlton, David L Steward -- Reoperative Thyroid Surgery / N Gopalakrishna Iyer, Ashok R Shaha -- How to Use Energy Devices and their Potential Hazards / Paolo Miccoli, Michele N Minuto -- Intraoperative Complications. The Recurrent Laryngeal Nerve / David Goldenberg, Gregory W Randolph -- The Superior Laryngeal Nerve / Tammy M Holm, Sara I Pai -- The Parathyroid Glands in Thyroid Surgery / Maisie Shindo -- Cosmetic Complications / Melanie W Seybt, David J Terris -- Intraoperative Complications. Management and Prevention of Laryngotracheal and Oesophageal Injuries in Thyroid Surgery / Eran E Alon, Mark L Urken -- Injury of the Major Vessels / Lourdes Quintanilla-Dieck, Neil D Gross -- Lesions Following Lateral Neck Dissection / Clive S Grant -- Amiodarone-induced Thyrotoxicosis and Thyroid Storm / Fausto Bogazzi, Luca Tomisti, Piero Berti, Enio Martino -- Postoperative Complications Requiring Urgent Treatment. Respiratory Failure Following Extubation / Moran Amit, Dan M Fliss -- Postoperative Bleeding / Richelle T Williams, Peter Angelos -- The Occurrence and Management of Pneumothorax in Thyroid Surgery / Kamran Samakar, Jason Wallen, Alfred Simental -- Postoperative Complications. The Recurrent Laryngeal Nerve / Michele P Morrison, Gregory N Postma -- The Parathyroids / Claudio Marcocci, Luisella Cianferotti -- The Rare Ones: Horner's Syndrome, Complications from Surgical Positioning and Post-Sternotomy Complications / Lukas H Kus, Jeremy L Freeman -- Late Complications of Thyroid Surgery / Dennis R Maceri -- Post-thyroidectomy Distress / Mira Milas, Zvonimir Milas -- New Issues: Complications Following Minimally Invasive and Robotic Techniques. Minimally Invasive Techniques Performed Through the Neck Access / Paolo Miccoli, Michele N Minuto, Valeria Matteucci -- Minimally Invasive Techniques Performed Through Other Accesses / Kee-Hyun Nam, William B Inabnet -- Complications of Robotic Thyroidectomy / David J Terris, Michael C Singer -- Iatrogenic Hypothyroidism, Metabolic Effects of Post-thyroidectomy Thyroid Hormone Replacement, and Quality of Life after Thyroid Surgery. Iatrogenic Hypothyroidism and Its Sequelae / Paolo Vitti, Francesco Latrofa -- Quality of Life after Thyroid Surgery / Alessandro Antonelli, Poupak Fallahi. 
500 |a Includes index. 
588 0 |a Print version record. 
504 |a Includes bibliographical references and index. 
520 |a This book helps endocrine surgeons, general surgeons, and otolaryngologists perfect surgical techniques and overcome the various complications that can arise when performing surgery of the thyroid. 
650 0 |a Thyroid gland  |x Surgery  |x Complications. 
655 4 |a Electronic books. 
700 1 |a Miccoli, P.  |q (Paolo) 
776 0 8 |i Print version:  |t Thyroid surgery.  |d Oxford : Wiley-Blackwell, 2013  |z 9780470659502  |w (OCoLC)812070611 
856 4 0 |u https://doi.org/10.1002/9781118444832  |z Full Text via HEAL-Link 
994 |a 92  |b DG1